IEEE journal of oceanic engineering (Record no. 38243)

MARC details
000 -LEADER
fixed length control field 00498nam a2200169Ia 4500
022 ## - INTERNATIONAL STANDARD SERIAL NUMBER
ISSN 03649059
050 ## - CALL MARK
Classification number TC 1501 .I35/
245 #0 - TITLE STATEMENT
Title IEEE journal of oceanic engineering
260 ## - PUBLICATION, DISTRIBUTION, ETC. (IMPRINT)
Place of publication New York
260 ## - PUBLICATION, DISTRIBUTION, ETC. (IMPRINT)
Name of publisher Institute of Electrical and Electronics Engineers, Council on Oceanic Engineering
260 ## - PUBLICATION, DISTRIBUTION, ETC. (IMPRINT)
Year of publication 2013
300 ## - PHYSICAL DESCRIPTION
Number of Pages 601-820 p. : ill. ; 28 cm.
650 ## - SUBJECT ADDED ENTRY--TOPICAL TERM
Topical Term Ocean engineering--Periodicals.
942 ## - ADDED ENTRY ELEMENTS (KOHA)
Koha item type Serials

No items available.